| 000 | 00589nam a22001937a 4500 | ||
|---|---|---|---|
| 005 | 20231016095319.0 | ||
| 008 | 231003b |||||||| |||| 00| 0 eng d | ||
| 020 | _a9780133925364 | ||
| 082 |
_a658.4013 _bGIT-G |
||
| 100 | _aGitlow,Howard S. | ||
| 245 |
_aA Guide to Six Sigma and Process Improvement for Practitioners and Student : _bFoundations, DMAIC, Tools, Cases, and Certification |
||
| 250 | _a2nd ed. | ||
| 260 |
_aUSA _bPearson Education,Inc. _c2017 |
||
| 300 | _a460 | ||
| 500 | _aInclude Index | ||
| 650 | _aManagement | ||
| 700 | _aHoward S .Gitlow | ||
| 942 |
_iBook _6BOOK |
||
| 999 |
_c33758 _d33758 |
||